000 00470nam a2200181Ia 4500
001 12019
005 20260306162911.0
008 260306t2022||||xx |||||||||||||| ||spa||
041 _aESP
082 _aHR 340
_bDIC 2022 AJ
110 _aGaceta Jurídica
245 0 _aActualidad jurídica:
_binformación especializada para abogados y jueces
260 _c2022
300 _a248 páginas :
_c25 cm.
650 _aGEN
654 _aCDE
942 _cREV
_dJUS
_fJUS
_2ddc
_n
999 _c12019
_d12019